000
00344nam a2200145Ia 4500
008
221030s9999 xx 000 0 und d
020
_a
8190691925
041
_a
English
100
_a
S. H. Saeed
245
0
_a
Automatic Control Systems
_c
by S. H. Saeed
260
_b
Katson
_a
New Delhi
_c
2015
300
_a
675
650
_a
EE
942
_c
BK
999
_c
15674
_d
15674